000 00973nam a22002537i 4500
005 20251231104847.0
008 250906s2024 jo ||||gr|||| 00| 0 ara d
020 _a9789923138373
040 _aJO-AmGAM
_erda
082 1 4 _a320.101
_bع ب د
100 1 _aعبد الخالق، غسان إسماعيل
_eمؤلف.
245 1 2 _aالبلاغة السياسية من منظور حضاري :
_bالدولة والمذهب - بلاغة الشارع - بلاغة السلطة /
_cغسان إسماعيل عبد الخالق.
250 _aالطبعة الأولى.
264 3 1 _aعمان :
_bالآن ناشرون وموزعون،
_c2025.
300 _a606 صفحة.
336 _2rdacontent
_aنص
_btxt
337 _2rdamedia
_aدون وسيط عرض
_bn
338 _2rdacarrier
_aمجلد
_bnc
650 1 7 _aالدولة.
650 1 7 _aالمذاهب السياسية.
650 1 7 _aتحليل الخطاب.
942 _2ddc
_cBK
999 _c247646
_d247646